Nacionalidad y destino : reflexiones sobre la argentina /
Guardado en:
| Autor Principal: | |
|---|---|
| Formato: | Libro |
| Publicado: |
Cordoba :
Sociedad Argentina De Filosofia,
1994
|
| Materias: | |
| Etiquetas: |
Agregar Etiqueta
Sin Etiquetas, Sea el primero en etiquetar este registro!
|
| LEADER | 00483nam a22001575a 4500 | ||
|---|---|---|---|
| 001 | EHU.bham013245 | ||
| 003 | AR-BHAM | ||
| 005 | 20070320154937.0 | ||
| 008 | 130507s1994##################000#0#####d | ||
| 082 | 1 | 1 | |a 111 |
| 100 | 1 | |a Trias, Manuel | |
| 245 | 1 | 0 | |a Nacionalidad y destino : |b reflexiones sobre la argentina / |c Manuel Trias |
| 260 | |a Cordoba : |b Sociedad Argentina De Filosofia, |c 1994 | ||
| 300 | |a 150p. | ||
| 653 | |a Ontologia | ||
| 859 | |a AR-BHAM |b BIB. HUMANIDADES - General |h 111 |i T131 |p 6.95 |t Ej.1 | ||
